000 00804nam a22002537a 4500
003 0
005 20250318154650.0
008 250318b xxu||||| |||| 00| 0 eng d
020 _a978-621-427-146-7
050 _aQA 76.9
_b.D38 2023
245 _aData analytics & business intelligence
_cMarmelo V. Abante and four others
260 _aManila
_bUnlimited Book Library Services & Publishing Inc.
_c2023
300 _aviii, 447 pages ;
_c26cm.
500 _aOBE Approach.
504 _aIncludes bibliographical references.
650 _aData analytics--Business.
650 _aData analytics.
700 _aAbante, Marmelo V.
700 _aAlday, Roselie B.
700 _aBaldovino, Flormando P.
700 _aGongora, Jerald S.
700 _aPalma, Norvin M.
942 _2lcc
_cBK
999 _c367306
_d367306